| 000 | 00587nam a2200205Ia 4500 | ||
|---|---|---|---|
| 003 | OSt | ||
| 005 | 20230508102804.0 | ||
| 008 | 210423s2013 xx 000 0 und d | ||
| 020 | _a9789350068779 | ||
| 040 | _cAL | ||
| 041 | _aeng | ||
| 082 |
_a543.0858 GUPS _223 |
||
| 100 |
_aGUPTA (S L);others. _999804 |
||
| 245 | _aElements of spectroscopy: atomic molecular and laser physics. | ||
| 260 |
_aNew York _bPragati Prakashan _c2013 |
||
| 300 |
_axvi,597 _bPB |
||
| 365 |
_b310 _cINR |
||
| 906 | _aatomic ; Elements ; laser ; molecular ; physics. ; spectroscopy: | ||
| 942 |
_2ddc _cBK |
||
| 999 |
_c162422 _d162422 |
||